Statistics for All Countries starting with a P

Click here to take the quiz!

General Stats

  • This quiz has been taken 25 times
  • The average score is 8 of 9

Answer Stats

Answer % Correct
Pakistan
91%
Panama
91%
Palau
87%
Peru
87%
Poland
87%
Paraguay
83%
Portugal
83%
Papua New Guinea
74%
Philippines
70%

Score Distribution

Percentile by Number Answered

Percent of People with Each Score

Your Score History

You have not taken this quiz